000 00641nam a2200277Ia 4500
008 210210b1999 xxu||||| |||| 00| 0 eng d
020 _a0205282156
041 _aeng
082 _a070.43 CALJ
100 _aCALLAHAN (Christopher)
245 _aJournalists guide to the internet: the net as a reporting tool
260 _aBoston
_bAllyn & Bacon
_c1999
300 _axviii-126
650 _atool
650 _ato
650 _athe
650 _areporting
650 _anet
650 _aJournalists
650 _ainternet:
650 _aguide
650 _aas
650 _aa
690 _aJournalism
906 _a066179
999 _c146544
_d146544